Humanitné a spoločenské vedy v pregraduálnom vzdelávaní 3 zborník vedeckých prác a vedeckých štúdií = Non-conference Reviewed Collection of Papers

Salvato in:
Dettagli Bibliografici
Altri autori: Repka, Richard, Adamcová, Lívia, Lagerová, Viera
Natura: Libro
Lingua:slovacco
inglese
tedesco
italiano
Pubblicazione: Bratislava Z-F LINGUA 2021
Edizione:1. vydanie
Soggetti:
Tags: Aggiungi Tag
Nessun Tag, puoi essere il primo ad aggiungerne!!

MARC

LEADER 00000nam a2200000 4500
001 0279400
005 20250120095937.3
020 |a 978-80-8177-086-9 
041 0 |a slo 
041 0 |a eng 
041 0 |a ger 
041 0 |a ita 
044 |a SK 
245 1 0 |a Humanitné a spoločenské vedy v pregraduálnom vzdelávaní 3  |b zborník vedeckých prác a vedeckých štúdií = Non-conference Reviewed Collection of Papers  |c zostavil/Editor: Richard Repka ; recenzenti: Lívia Adamcová, Viera Lagerová 
250 |a 1. vydanie 
264 1 |a Bratislava  |b Z-F LINGUA  |c 2021 
300 |a 153 s. 
610 2 0 |a vedy humanitné 
610 2 0 |a vedy spoločenské 
610 2 0 |a vzdelávanie 
610 2 0 |a štúdium postgraduálne 
700 1 |a Repka, Richard 
700 1 |a Adamcová, Lívia 
700 1 |a Lagerová, Viera